00402nam a2200157 a 450000100060000000300090000600800410001502000150005604000280007108200160009910000200011524500220013526000570015730000080021465000220022213269CO-ViMGA141112s2004 ck r 000 u spa d a9586144763 aCO-ViMGAbspacCO-ViMGA04aCo863 C655a1 aCollazos, Oscar10aAdios a la virgen aSantafé de Bogotá : bPlaneta Colombiana, c1995 a11614aNOVELA COLOMBIANA